[Event "London Classic FIDE Open"]
[Site "London ENG"]
[Date "2011.12.05"]
[Round "3"]
[White "Casaschi, Paolo"]
[Black "Harari, Zaki"]
[Result "1/2-1/2"]
[WhiteElo "1996"]
[BlackElo "2180"]
[WhiteFideId "824895"]
[BlackFideId "2002639"]
[EventDate "2011.12.03"]

1. d4 d5 2. c4 dxc4 3. Nf3 Nf6 4. e3 e6 5. Bxc4 c5 6. O-O cxd4 7. exd4 Be7 8.
Nc3 O-O 9. Qe2 Nc6 10. Rd1 Na5 11. Bd3 b6 12. Bg5 Bb7 13. Rac1 Rc8 14. h4 h6 15.
Be3 Nd5 16. Nxd5 Qxd5 17. b3 Qh5 18. Ba6 Rxc1 19. Rxc1 Bd5 20. Rc7 Bd6 21. Rc1
Nc6 22. Bc4 Bxf3 23. Qxf3 Qxf3 24. gxf3 Ne7 25. Ba6 Rd8 26. Bd3 f5 27. Bc4 Kf7
28. Re1 Nd5 29. Bc1 Be7 30. h5 Bf6 31. Bb2 Rd6 32. Ba3 Rd8 33. Bb2 Rc8 34. Kf1
Rc6 35. Kg1 Nc7 36. Rd1 Rd6 37. a4 Nd5 38. Ba3 Rd8 39. Bc1 Be7 40. Kf1 Bb4 41.
Bxd5 Rxd5 42. Bf4 Bd6 43. Bxd6 Rxd6 44. Ke2 f4 45. Rc1 Rxd4 46. Rc7+ Kf6 47.
Rxa7 Rb4 48. a5 bxa5 49. Rxa5 Rxb3 50. Ra4 Rb2+ 51. Kf1 e5 52. Ra6+ Kf5 53. Rg6
Rb7 54. Kg2 e4 55. fxe4+ Kxe4 56. Re6+ Kf5 57. Rg6 Ra7 58. Kf3 Re7 59. Rg4 Ra7
60. Rg6 1/2-1/2

[Event "London Classic FIDE Open"]
[Site "London ENG"]
[Date "2011.12.05"]
[Round "3"]
[White "Maduekwe, Chiedu"]
[Black "White, David J"]
[Result "1-0"]
[WhiteElo "2180"]
[BlackElo "1958"]
[WhiteFideId "8500118"]
[BlackFideId "402931"]
[EventDate "2011.12.03"]

1. d4 Nf6 2. c4 c5 3. d5 b5 4. cxb5 a6 5. bxa6 Bxa6 6. Nc3 g6 7. Nf3 Bg7 8. g3
d6 9. Bg2 O-O 10. O-O Nbd7 11. Rb1 Qa5 12. Bd2 Rfb8 13. Qc2 Rb7 14. Rfe1 Ng4 15.
h3 Nge5 16. Nxe5 Nxe5 17. b3 c4 18. b4 Qc7 19. b5 Nd3 20. bxa6 Rxb1 21. Rxb1 Nc5
22. Nb5 Qc8 23. a7 Nd7 24. Bc3 Bxc3 25. Qxc3 Qc5 26. Qb4 Qc8 27. Nd4 Qa6 28. Nc6
Qxa2 29. Qb2 Qa4 30. Qb7 1-0

[Event "London Classic FIDE Open"]
[Site "London ENG"]
[Date "2011.12.05"]
[Round "3"]
[White "Iyengar, Ilya"]
[Black "Blazquez, Denis"]
[Result "0-1"]
[WhiteElo "1974"]
[BlackElo "2178"]
[WhiteFideId "405949"]
[BlackFideId "601705"]
[EventDate "2011.12.03"]

1. d4 Nf6 2. Nf3 d5 3. c4 e6 4. Nc3 c6 5. Bg5 Nbd7 6. e3 Qa5 7. cxd5 Nxd5 8. Qd2
N7b6 9. Nxd5 Qxd2+ 10. Kxd2 exd5 11. b3 Bd6 12. Bd3 Be6 13. a3 a5 14. Rhc1 O-O
15. Bh4 h6 16. Bg3 Be7 17. Ne5 Nd7 18. Kc3 Ra7 19. b4 Nxe5 20. Bxe5 Bd7 21. Rcb1
b5 22. Kb3 Rfa8 23. bxa5 Rxa5 24. Bc7 Rxa3+ 25. Rxa3 Rxa3+ 26. Kc2 Rxd3 0-1

[Event "London Classic FIDE Open"]
[Site "London ENG"]
[Date "2011.12.05"]
[Round "3"]
[White "Spivack, Simon S Y"]
[Black "Sagues, Vincent"]
[Result "1/2-1/2"]
[WhiteElo "2175"]
[BlackElo "1952"]
[WhiteFideId "404780"]
[BlackFideId "625680"]
[EventDate "2011.12.03"]

1. e4 e6 2. d4 d5 3. Nc3 dxe4 4. Nxe4 Nd7 5. Nf3 Ngf6 6. Nxf6+ Nxf6 7. Bd3 Be7
8. Qe2 O-O 9. Bg5 c5 10. O-O-O Nd5 11. Bxe7 Qxe7 12. Qe4 Nf6 13. Qh4 h6 14. Rhe1
b6 15. Ne5 cxd4 16. f4 Bb7 17. g4 Nd5 18. g5 Nb4 19. Bc4 Bd5 20. Bxd5 Nxd5 21.
Rxd4 Rac8 22. Kb1 b5 23. Nd3 hxg5 24. fxg5 Qc7 25. c3 Ne7 26. Qh5 Nf5 27. Rde4
g6 28. Qe2 Kg7 1/2-1/2

[Event "London Classic FIDE Open"]
[Site "London ENG"]
[Date "2011.12.05"]
[Round "3"]
[White "Willmoth, Robert F"]
[Black "Herda, Christoph"]
[Result "1-0"]
[WhiteElo "2169"]
[BlackElo "1908"]
[WhiteFideId "402540"]
[BlackFideId "24623369"]
[EventDate "2011.12.03"]

1. Nf3 Nf6 2. b3 g6 3. Bb2 Bg7 4. g3 O-O 5. Bg2 d5 6. d4 Nbd7 7. O-O Ne4 8. c4
dxc4 9. Qc2 Ndf6 10. bxc4 c5 11. Ne5 Ng5 12. h4 Ne6 13. dxc5 Nxc5 14. Nc3 e6 15.
Rad1 Qa5 16. Nb5 a6 17. Nd6 Rb8 18. Bc3 Qc7 19. Rd2 Bd7 20. Nxd7 Nfxd7 21. Bxg7
Kxg7 22. Qc3+ Kg8 23. Rfd1 Nb6 24. h5 Qe7 25. Qb4 Qc7 26. Qc3 Nbd7 27. Bf3 g5
28. h6 f6 29. Bg2 Ne5 30. f4 Ng4 31. e4 gxf4 32. gxf4 Nxh6 33. Bh3 Kh8 34. Rg2
Rbd8 35. e5 Ne4 36. Qd3 Nxd6 37. exd6 Qc5+ 38. Qd4 Qxd4+ 39. Rxd4 f5 40. Re2
Rg8+ 41. Kf2 Rg6 1-0

[Event "London Classic FIDE Open"]
[Site "London ENG"]
[Date "2011.12.05"]
[Round "3"]
[White "Millward, Kevin P"]
[Black "Josse, Mark"]
[Result "0-1"]
[WhiteElo "1971"]
[BlackElo "2162"]
[WhiteFideId "404721"]
[BlackFideId "414476"]
[EventDate "2011.12.03"]

1. e4 c5 2. Nc3 Nc6 3. g3 g6 4. Bg2 Bg7 5. Nge2 d6 6. O-O h5 7. h3 e5 8. Nd5
Nge7 9. Nec3 Be6 10. d3 Qd7 11. Bg5 Ng8 12. Rb1 f6 13. Be3 Nge7 14. Kh2 Nd4 15.
Nxe7 Qxe7 16. Nd5 Bxd5 17. exd5 Nf5 18. Bd2 Bh6 19. Be4 Qd7 20. f4 Bg7 21. b4
cxb4 22. Rxb4 Ne7 23. fxe5 dxe5 24. c4 f5 25. Bg2 b6 26. Bg5 Rc8 27. Qd2 O-O 28.
h4 Rc7 29. Re1 Nc8 30. Bh6 Re8 31. Bg5 Nd6 32. a4 Nb7 33. Be3 Bf8 34. Rb2 Bc5
35. Ra2 a5 36. Qb2 Qd6 37. Qd2 Bb4 38. Qf2 Bxe1 39. Qxe1 Nc5 40. Qd2 Rf7 41. Bf2
e4 42. d4 Nd3 43. c5 bxc5 44. dxc5 Qxd5 45. Qxa5 Qxa2 0-1

[Event "London Classic FIDE Open"]
[Site "London ENG"]
[Date "2011.12.05"]
[Round "3"]
[White "Tozer, Philip A A"]
[Black "McCarthy, Damian"]
[Result "1-0"]
[WhiteElo "2159"]
[BlackElo "1882"]
[WhiteFideId "419982"]
[BlackFideId "422240"]
[EventDate "2011.12.03"]

1. c4 c5 2. g3 g6 3. Nc3 Bg7 4. Bg2 Nc6 5. Nf3 d6 6. O-O e5 7. Ne1 Nge7 8. Nc2
O-O 9. a3 a5 10. Ne3 Rb8 11. d3 Be6 12. Bd2 f5 13. Rb1 h6 14. Ned5 Kh7 15. b4
axb4 16. axb4 cxb4 17. Nxb4 Qd7 18. Nbd5 Bg8 19. Qa4 Rfd8 20. Nb6 Qe8 21. Qa3
Nd4 22. e3 Ne6 23. Nb5 Nc5 24. Bb4 Nc6 25. Nxd6 Rxd6 26. Bxc5 Rdd8 27. Bd6 Rxd6
28. Qxd6 Bf8 29. Qc7+ Kh8 30. Nd7 1-0

[Event "London Classic FIDE Open"]
[Site "London ENG"]
[Date "2011.12.05"]
[Round "3"]
[White "Gavriel, Tryfon C"]
[Black "Jones, Steven A"]
[Result "0-1"]
[WhiteTitle "CM"]
[WhiteElo "2156"]
[BlackElo "1878"]
[WhiteFideId "403105"]
[BlackFideId "419630"]
[EventDate "2011.12.03"]

1. Nf3 c5 2. g3 Nc6 3. Bg2 g6 4. e4 Bg7 5. O-O d6 6. d3 e5 7. Nc3 Nge7 8. Nh4
O-O 9. f4 f6 10. f5 Nd4 11. g4 g5 12. Nf3 h6 13. h4 Rf7 14. Kf2 Bd7 15. Rh1 Bc6
16. Nxd4 cxd4 17. Ne2 Rc8 18. hxg5 hxg5 19. Bd2 Qb6 20. b3 Qc5 21. b4 Qb6 22. a4
d5 23. Ng3 dxe4 24. Bxe4 Qc7 25. Ra2 Bd5 26. Bxd5 Nxd5 27. Ne4 Bf8 28. Rh5 Rh7
29. Qh1 0-1

[Event "London Classic FIDE Open"]
[Site "London ENG"]
[Date "2011.12.05"]
[Round "3"]
[White "Yeo, Michael J"]
[Black "Jakobsen, Alf Gjoran"]
[Result "1/2-1/2"]
[WhiteElo "2152"]
[BlackElo "1861"]
[WhiteFideId "402257"]
[BlackFideId "1508008"]
[EventDate "2011.12.03"]

1. e4 e5 2. Nf3 Nf6 3. Bc4 Nxe4 4. Nc3 Nd6 5. Bb3 Nc6 6. O-O Be7 7. Re1 e4 8.
Nxe4 Nxe4 9. Rxe4 d5 10. Re1 Bg4 11. c3 O-O 12. d4 Qd6 13. h3 Bh5 14. g4 Bg6 15.
Ne5 Bh4 16. Bf4 Be4 17. Qd2 Nxe5 18. dxe5 Qc6 19. Re3 Be7 20. Rg3 Bh4 21. Re3
Be7 22. Rg3 Bh4 23. Re3 1/2-1/2

[Event "London Classic FIDE Open"]
[Site "London ENG"]
[Date "2011.12.05"]
[Round "3"]
[White "Boger, Raymond"]
[Black "Quinn, John M"]
[Result "1/2-1/2"]
[WhiteElo "1959"]
[BlackElo "2151"]
[WhiteFideId "1507419"]
[BlackFideId "405043"]
[EventDate "2011.12.03"]

1. c4 Nf6 2. g3 g6 3. Bg2 Bg7 4. Nc3 d6 5. e4 e5 6. Nge2 O-O 7. O-O Be6 8. d3 c6
9. f4 Qd7 10. Rb1 Na6 11. b4 exf4 12. Nxf4 Ng4 13. Nxe6 Qxe6 14. Ne2 f5 15. Nf4
Bd4+ 16. Kh1 Qe7 17. Qe2 Rae8 18. Bb2 Qe5 19. a3 Bxb2 20. Qxb2 1/2-1/2

[Event "London Classic FIDE Open"]
[Site "London ENG"]
[Date "2011.12.05"]
[Round "3"]
[White "Calder, Dennis"]
[Black "Murray, David"]
[Result "0-1"]
[WhiteElo "1953"]
[BlackElo "2133"]
[WhiteFideId "4697359"]
[BlackFideId "2501511"]
[EventDate "2011.12.03"]

1. d4 e6 2. Nf3 Nf6 3. c4 b6 4. g3 Ba6 5. Qc2 Bb7 6. Bg2 c5 7. O-O cxd4 8. Nxd4
Bxg2 9. Kxg2 Bc5 10. Nb3 Be7 11. Nc3 Nc6 12. e4 Rc8 13. Qe2 d6 14. Be3 Ne5 15.
Nd2 Qc7 16. b3 Nfg4 17. Bd4 h5 18. h3 Nf6 19. f4 Nc6 20. Nb5 Qb7 21. Bb2 a6 22.
Nd4 Nxd4 23. Bxd4 O-O 24. Rae1 b5 25. Bxf6 Bxf6 26. Rc1 g6 27. Kh2 d5 28. f5
exf5 29. exd5 bxc4 30. bxc4 Rfe8 31. Qd3 Qb6 32. Rb1 Qc5 33. Rb3 Bg5 34. Nf3 Re3
35. Qd4 Qxd4 36. Nxd4 Rxc4 37. Rd1 0-1

[Event "London Classic FIDE Open"]
[Site "London ENG"]
[Date "2011.12.05"]
[Round "3"]
[White "Plug, Arjan"]
[Black "Holzhauer, Bjoern"]
[Result "0-1"]
[WhiteElo "1945"]
[BlackElo "2131"]
[WhiteFideId "1011600"]
[BlackFideId "20605544"]
[EventDate "2011.12.03"]

1. e4 c5 2. Nc3 Nc6 3. g3 g6 4. Bg2 Bg7 5. d3 d6 6. f4 Nf6 7. Nf3 O-O 8. O-O Rb8
9. h3 b5 10. Rb1 b4 11. Ne2 a5 12. Be3 Ba6 13. b3 a4 14. g4 Qa5 15. Ng3 Nd7 16.
h4 Bb7 17. h5 Nd4 18. Nh4 Nb5 19. Qd2 Nc3 20. f5 Nxb1 21. Rxb1 Ne5 22. Bh6 Qd8
23. hxg6 fxg6 24. fxg6 hxg6 25. Bxg7 Kxg7 26. Ngf5+ gxf5 27. Qg5+ Kf7 28. exf5
Ke8 29. Qh5+ Kd7 30. Bxb7 Rxb7 31. Ng6 Nxg6 32. fxg6 e6 33. g7 Rg8 34. Qf7+ Kc6
35. Qxe6 Rbxg7 0-1

[Event "London Classic FIDE Open"]
[Site "London ENG"]
[Date "2011.12.05"]
[Round "3"]
[White "Duncan, Patrick C M"]
[Black "Rutten, David"]
[Result "1-0"]
[WhiteElo "2125"]
[BlackElo "1861"]
[WhiteFideId "405787"]
[BlackFideId "1001604"]
[EventDate "2011.12.03"]

1. b3 e5 2. Bb2 Nc6 3. e3 Nf6 4. c4 d6 5. d3 Be7 6. Nf3 O-O 7. Be2 Ne8 8. Nc3 f5
9. Nd5 Nf6 10. Nxe7+ Qxe7 11. O-O Kh8 12. a3 a5 13. Qc2 Bd7 14. Rfe1 Ng4 15. h3
Nf6 16. Bf1 Rg8 17. g3 g5 18. d4 g4 19. dxe5 dxe5 20. Nh4 Rg5 21. Kh1 Rag8 22.
hxg4 Nxg4 23. Nf3 Rh5+ 24. Kg1 Rg6 25. Bg2 Kg8 26. Red1 Nd8 27. Qd2 Rd6 28. Qxa5
Bc6 29. Rxd6 Qxd6 30. Bxe5 Nxe5 31. Qxe5 Qd3 32. Qd4 Qxd4 33. Nxd4 1-0

[Event "London Classic FIDE Open"]
[Site "London ENG"]
[Date "2011.12.05"]
[Round "3"]
[White "Srija, Seshadri"]
[Black "Knecht, Guntram"]
[Result "1-0"]
[WhiteTitle "WFM"]
[WhiteElo "1926"]
[BlackElo "2123"]
[WhiteFideId "5055903"]
[BlackFideId "1609831"]
[EventDate "2011.12.03"]

1. e4 c5 2. Nf3 e6 3. d4 cxd4 4. Nxd4 a6 5. c4 Nf6 6. Nc3 Bb4 7. Bd3 Nc6 8. Be3
Ne5 9. O-O Nfg4 10. Bf4 Nxd3 11. Qxd3 d6 12. h3 Ne5 13. Qc2 Qc7 14. Qa4+ Nc6 15.
Nxc6 Bxc3 16. bxc3 Bd7 17. Qb4 Qxc6 18. Bxd6 Qxe4 19. Rfe1 Qc6 20. c5 Qc8 21.
Qg4 Rg8 22. Qh4 f6 23. Qh5+ 1-0

[Event "London Classic FIDE Open"]
[Site "London ENG"]
[Date "2011.12.05"]
[Round "3"]
[White "Aryan, Chopra"]
[Black "Mareckova, Martina"]
[Result "1/2-1/2"]
[WhiteElo "1836"]
[BlackElo "2123"]
[WhiteFideId "5084423"]
[BlackFideId "327930"]
[EventDate "2011.12.03"]

1. e4 e5 2. Nf3 Nc6 3. Bb5 a6 4. Ba4 d6 5. c3 Bd7 6. O-O g6 7. d4 Bg7 8. d5 Nb8
9. c4 Nf6 10. Nc3 O-O 11. Bxd7 Nbxd7 12. h3 Qe7 13. Be3 Ne8 14. Nd2 f5 15. f3
Nef6 16. g4 Kh8 17. Rc1 Ng8 18. Kh2 Bh6 19. Qe2 Qh4 20. Qe1 Qxe1 21. Rcxe1 fxg4
22. hxg4 Bxe3 23. Rxe3 Ngf6 24. Kg2 Kg7 25. Ne2 a5 26. Ng3 Nc5 27. b3 Rf7 28. a3
b6 29. Rh1 h6 30. Ree1 Nh7 31. Re2 Nf6 32. Ree1 Ncd7 33. Re2 Nc5 34. Re3 Ncd7
35. Re2 Nc5 36. Re3 Ncd7 37. Re2 Nc5 1/2-1/2

[Event "London Classic FIDE Open"]
[Site "London ENG"]
[Date "2011.12.05"]
[Round "3"]
[White "Chidi, Lovinia Sylvia"]
[Black "McKenna, Jason P"]
[Result "0-1"]
[WhiteElo "1815"]
[BlackElo "2110"]
[WhiteFideId "1270574"]
[BlackFideId "403857"]
[EventDate "2011.12.03"]

1. e4 g6 2. d4 Bg7 3. Nc3 d6 4. Nf3 Nf6 5. Be3 c6 6. Qd2 O-O 7. Be2 Qc7 8. Bh6
b5 9. Bxg7 Kxg7 10. a3 Nbd7 11. b4 Bb7 12. O-O a6 13. Bd3 e5 14. Rfe1 Rac8 15.
Ne2 exd4 16. c4 bxc4 17. Bxc4 Nxe4 18. Qxd4+ Ndf6 19. Ng3 d5 20. Nxe4 dxe4 21.
Nd2 c5 22. bxc5 Qxc5 23. Qxc5 Rxc5 24. Bf1 Rd8 25. Nb3 Rc3 26. Na5 Bd5 27. Reb1
Rd6 28. Nb7 Bxb7 29. Rxb7 Rc2 30. Re1 Rdd2 31. f3 exf3 32. gxf3 Nd5 33. Rd7 Kf6
34. Bxa6 Rg2+ 35. Kh1 Rxh2+ 36. Kg1 Rcg2+ 0-1

[Event "London Classic FIDE Open"]
[Site "London ENG"]
[Date "2011.12.05"]
[Round "3"]
[White "Burnham, Frank D"]
[Black "Skutta, Bernd"]
[Result "0-1"]
[WhiteElo "1788"]
[BlackElo "2098"]
[WhiteFideId "419516"]
[BlackFideId "4666950"]
[EventDate "2011.12.03"]

1. e4 d6 2. f4 d5 3. e5 c5 4. c3 Bf5 5. d4 e6 6. Nf3 Qb6 7. Be2 Nc6 8. O-O h5 9.
b3 Nh6 10. Na3 Be7 11. Nc2 Bxc2 12. Qxc2 cxd4 13. Kh1 dxc3 14. Qxc3 Ng4 15. h3
Nf2+ 16. Kh2 Ne4 17. Qd3 O-O 18. f5 Nb4 19. Qd1 exf5 20. a3 Nc6 21. Qxd5 Rfd8
22. Qc4 Rac8 23. e6 Bd6+ 24. g3 Bxg3+ 25. Kg2 Ne5 26. exf7+ Kf8 27. Nxe5 Rxc4
28. Nxc4 Qg6 29. Kf3 Be5 30. Bf4 Bxf4 31. Kxf4 b5 32. Ne5 0-1

[Event "London Classic FIDE Open"]
[Site "London ENG"]
[Date "2011.12.05"]
[Round "3"]
[White "Schwartz, Julius"]
[Black "Amier, Hamzah B. Mohd Zuhri"]
[Result "1-0"]
[BlackTitle "CM"]
[WhiteElo "2065"]
[BlackElo "1745"]
[WhiteFideId "2402831"]
[BlackFideId "5704588"]
[EventDate "2011.12.03"]

1. e4 e6 2. d4 d5 3. Nd2 c5 4. exd5 Qxd5 5. Ngf3 Nc6 6. c4 Qd8 7. d5 exd5 8.
cxd5 Qxd5 9. Bc4 Qd8 10. O-O Be7 11. Qb3 Nh6 12. Ne4 O-O 13. Bxh6 gxh6 14. Qe3
Bf5 15. Rad1 Qc7 16. Rfe1 b6 17. Qxh6 Bg6 18. Ng3 Bf6 19. Nh5 Bxh5 20. Qxh5 Bg7
21. Nh4 Ne5 22. Nf5 Ng6 23. Re4 Rad8 24. Rde1 Qd7 25. Ne7+ Nxe7 26. Rxe7 Qd6 27.
Rxf7 Rxf7 28. Qxf7+ Kh8 29. Re7 Qf6 30. Rd7 Rf8 31. Qxf6 Bxf6 32. b3 Re8 33.
Rxa7 Re1+ 34. Bf1 Be5 35. g3 b5 36. Ra5 c4 37. bxc4 bxc4 38. Rxe5 Rxe5 39. Bxc4
Kg7 40. Kg2 Kf6 41. h3 h5 42. Bb3 Ra5 43. Bc4 Ra3 44. Bb3 1-0

[Event "London Classic FIDE Open"]
[Site "London ENG"]
[Date "2011.12.05"]
[Round "3"]
[White "Kane, Robert"]
[Black "Stoma, Pawel"]
[Result "0-1"]
[WhiteElo "1888"]
[BlackElo "2316"]
[WhiteFideId "420468"]
[BlackFideId "1113569"]
[EventDate "2011.12.03"]

1. d4 Nf6 2. Nf3 c6 3. e3 d5 4. c4 Bg4 5. Qb3 Qb6 6. c5 Qc7 7. Nc3 Nbd7 8. Bd2
Bxf3 9. gxf3 e5 10. Bh3 Be7 11. Ne2 O-O 12. Qc2 Rfe8 13. O-O exd4 14. exd4 Bxc5
15. dxc5 Rxe2 16. Rfe1 Rae8 17. Rxe2 Rxe2 18. Bf1 Re8 19. b4 Ne5 20. Qf5 Ng6 21.
Bd3 Qe5 22. Qxe5 Nxe5 23. Be2 Ng6 24. Kf1 Nh5 25. Bd1 Nhf4 26. Rb1 a6 27. Rb3
Ne6 28. a4 Kf8 29. b5 axb5 30. axb5 Nd4 31. Rb4 Ne6 32. bxc6 bxc6 33. Rb6 Ne5
34. Be2 Rc8 35. f4 Nd7 36. Rb7 Ke8 37. Bg4 Rc7 38. Rb1 Nf6 39. Bh3 Ne4 40. Rb8+
Ke7 41. Ba5 Ra7 42. Bxe6 Rxa5 43. Bf5 Nxc5 44. Bxh7 d4 45. Rb4 d3 46. Rd4 Ra1+
47. Kg2 Ne6 0-1

[Event "London Classic FIDE Open"]
[Site "London ENG"]
[Date "2011.12.05"]
[Round "3"]
[White "Jones, Chris S"]
[Black "Farrand, Tom"]
[Result "0-1"]
[WhiteElo "1868"]
[BlackElo "2265"]
[WhiteFideId "414905"]
[BlackFideId "406457"]
[EventDate "2011.12.03"]

1. e4 c5 2. Nf3 e6 3. Be2 Nc6 4. Nc3 Nf6 5. O-O d5 6. exd5 Nxd5 7. Nxd5 Qxd5 8.
b3 Be7 9. Bb2 Bf6 10. Bxf6 gxf6 11. Nh4 Bd7 12. Bf3 Qg5 13. g3 f5 14. d3 f4 15.
Qd2 Rg8 16. Bg2 fxg3 17. Qxg5 gxh2+ 18. Kxh2 Rxg5 19. Bxc6 Bxc6 20. Rg1 h6 21.
f4 Rxg1 22. Rxg1 Ke7 23. f5 e5 24. Ng2 Bxg2 25. Rxg2 Kf6 0-1

[Event "London Classic FIDE Open"]
[Site "London ENG"]
[Date "2011.12.05"]
[Round "3"]
[White "Whitehead, David J"]
[Black "Marchant, Geoffrey"]
[Result "1-0"]
[WhiteElo "2079"]
[BlackElo "1880"]
[WhiteFideId "406813"]
[BlackFideId "470759"]
[EventDate "2011.12.03"]

1. e4 e5 2. Bc4 Nf6 3. d3 c6 4. Nf3 d5 5. Bb3 a5 6. a3 a4 7. Ba2 dxe4 8. Ng5 Bc5
9. Nxf7 Qb6 10. O-O Rf8 11. Nxe5 Bd4 12. Nc4 Qc7 13. dxe4 Ng4 14. g3 Bxf2+ 15.
Kg2 h6 16. Qd6 1-0

[Event "London Classic FIDE Open"]
[Site "London ENG"]
[Date "2011.12.05"]
[Round "3"]
[White "Hansen, Pal Andreas"]
[Black "Homolka, Vincent"]
[Result "1-0"]
[WhiteElo "2056"]
[BlackElo "1859"]
[WhiteFideId "1506145"]
[BlackFideId "423033"]
[EventDate "2011.12.03"]

1. d4 Nf6 2. c4 g6 3. Nf3 Bg7 4. Nc3 d5 5. e3 O-O 6. b4 c6 7. Bb2 Bf5 8. Be2
Nbd7 9. O-O Ne4 10. Rc1 Nxc3 11. Bxc3 Re8 12. cxd5 cxd5 13. Qb3 Nf6 14. Bb2 Qb6
15. Ba3 Rec8 16. b5 Bf8 17. Ne5 Be6 18. Bc5 Qd8 19. a4 Nd7 20. Nxd7 Qxd7 21. a5
Qd8 22. b6 a6 23. Bf3 Qd7 24. Rc3 Rc6 25. Rfc1 Rac8 26. h3 h5 27. Qa2 Rb8 28.
Bd1 Qd8 29. Qa3 Rcc8 30. Ba4 Bd7 31. Bxd7 Qxd7 32. Bb4 e6 33. Rc7 Bxb4 34. Qxb4
Qd8 35. Qc5 1-0

[Event "London Classic FIDE Open"]
[Site "London ENG"]
[Date "2011.12.05"]
[Round "3"]
[White "Wigbout, Rod"]
[Black "Lenier, Jude A"]
[Result "1-0"]
[WhiteElo "1827"]
[BlackElo "2030"]
[WhiteFideId "419850"]
[BlackFideId "470678"]
[EventDate "2011.12.03"]

1. d4 Nf6 2. c4 c5 3. d5 e6 4. Nc3 exd5 5. cxd5 d6 6. e4 g6 7. Bd3 Bg7 8. h3 a6
9. a4 Nbd7 10. Nf3 Nh5 11. O-O Ne5 12. Nxe5 Bxe5 13. f4 Bd4+ 14. Kh2 Qh4 15. Qf3
Nf6 16. Bd2 Ng4+ 17. Kh1 Nf2+ 18. Kh2 g5 19. Be1 Ng4+ 20. Qxg4 Qxg4 21. hxg4 h5
22. f5 hxg4+ 23. Kg3 Be5+ 24. Kxg4 Rh2 25. Kf3 g4+ 26. Kxg4 Rxg2+ 27. Kf3 Rxb2
28. Ra3 Bd7 29. Rg1 O-O-O 30. Rg2 Rb4 31. a5 Rh8 32. Ne2 Rh3+ 33. Bg3 c4 34. Bc2
Rb2 35. Bd1 Rd2 36. Kg4 Rxg3+ 37. Rgxg3 Bxg3 38. Kxg3 Rxd1 39. Kf3 Bb5 40. Kf4
Kc7 41. Nc3 Rd3 42. Nxb5+ axb5 43. Rxd3 cxd3 44. Ke3 Kd7 45. Kxd3 Ke7 46. Kc3 1-0

[Event "London Classic FIDE Open"]
[Site "London ENG"]
[Date "2011.12.05"]
[Round "3"]
[White "Staneland, Peter E"]
[Black "De Coverly, Roger D"]
[Result "0-1"]
[WhiteElo "1812"]
[BlackElo "2027"]
[WhiteFideId "416576"]
[BlackFideId "405213"]
[EventDate "2011.12.03"]

1. Nf3 Nf6 2. d4 g6 3. c4 Bg7 4. Nc3 O-O 5. Bg5 c5 6. d5 d6 7. Rc1 a6 8. g3 b5
9. b3 b4 10. Nb1 Ne4 11. Bf4 Bf5 12. Bg2 Qa5 13. Ng5 Nc3 14. Nxc3 bxc3 15. O-O
h6 16. Ne4 Nd7 17. Nxc3 Bxc3 18. e4 Bxe4 19. Bxe4 Bg7 20. Qe2 Nf6 21. Bb1 Rfe8
22. Rfe1 Qb6 23. Qd2 h5 24. Bh6 Ng4 25. Bxg7 Kxg7 26. Re2 a5 27. Rce1 Qb7 28.
Qg5 Ra7 29. f4 Qd7 30. f5 Ne5 31. Qf4 f6 32. fxg6 Qg4 33. Qxg4 hxg4 34. Kg2 a4
35. Bf5 axb3 36. axb3 Rb8 37. h3 gxh3+ 38. Kxh3 Rxb3 39. Bc2 Rc3 40. Bb1 Raa3
41. Rg1 Rxc4 42. Rgg2 Rc1 43. Rb2 Rh1+ 44. Rh2 Rxh2+ 45. Kxh2 Ra7 46. Kh3 Nxg6
47. Kg4 Ra4+ 48. Kh5 Ne5 49. Rb7 Rb4 50. Rxe7+ Kf8 51. Re6 Rxb1 52. Rxf6+ Ke7
53. Re6+ Kd7 54. g4 Rh1+ 55. Kg5 Rg1 56. Kh5 Rxg4 57. Rh6 Rg1 58. Rh7+ Kd8 59.
Ra7 c4 60. Ra6 Kc7 0-1

[Event "London Classic FIDE Open"]
[Site "London ENG"]
[Date "2011.12.05"]
[Round "3"]
[White "Keuneke, Hanno"]
[Black "Frank-Nielsen, Marie"]
[Result "0-1"]
[BlackTitle "WFM"]
[WhiteElo "1782"]
[BlackElo "2015"]
[WhiteFideId "4609271"]
[BlackFideId "1409344"]
[EventDate "2011.12.03"]

1. e4 e5 2. Nf3 Nc6 3. Bb5 Nge7 4. O-O g6 5. c3 Bg7 6. d4 exd4 7. cxd4 a6 8. Ba4
b5 9. Bb3 O-O 10. Bf4 Na5 11. Bc2 d6 12. Nbd2 Nec6 13. Nb3 Nc4 14. Rb1 Bg4 15.
Be3 Nb4 16. a3 Nxc2 17. Qxc2 Bxf3 18. gxf3 Nxe3 19. fxe3 Qg5+ 20. Kf2 Qh4+ 21.
Kg2 Qg5+ 22. Kf2 f5 23. f4 Qh4+ 24. Kg2 fxe4 25. Qxe4 Rae8 26. Qd5+ Kh8 27. Rbe1
h6 28. Nd2 Rxf4 29. Nf3 Qg4+ 30. Kh1 Rf5 31. Qc6 Ref8 32. Nd2 Rxf1+ 33. Rxf1
Rxf1+ 34. Nxf1 Qe2 35. Kg1 Qxb2 36. Qxa6 Kh7 37. Qc6 Qxa3 38. Qxb5 Qc1 39. Qd7
Qc3 40. Kf2 Qc2+ 41. Kg1 Qc4 42. Nd2 Qb4 43. Nf1 Qa5 44. Kf2 Qf5+ 45. Qxf5 gxf5
46. d5 Kg6 47. Kf3 Kf6 48. e4 fxe4+ 49. Kxe4 Kg5 50. Ne3 Be5 51. Nf1 Kg4 52. Ke3
h5 53. Ke4 h4 54. Ke3 Bf4+ 55. Ke4 Bc1 56. Kd3 Kf3 57. Kc4 Kf2 58. Ng3 hxg3 59.
hxg3 Kxg3 60. Kb5 Be3 0-1

[Event "London Classic FIDE Open"]
[Site "London ENG"]
[Date "2011.12.05"]
[Round "3"]
[White "Obiamiwe, Paul"]
[Black "Wright, Jonathan ENG"]
[Result "1/2-1/2"]
[WhiteElo "2001"]
[BlackElo "1846"]
[WhiteFideId "8500215"]
[BlackFideId "418331"]
[EventDate "2011.12.03"]

1. Nf3 Nf6 2. c4 g6 3. g3 b6 4. Bg2 Bb7 5. O-O Bg7 6. Nc3 O-O 7. Re1 c5 8. e4
Nc6 9. d4 cxd4 10. Nxd4 Nxd4 11. Qxd4 Nxe4 12. Qe3 Nxc3 13. Bxb7 Rb8 14. Bf3 Na4
15. Rb1 Nc5 16. Qxe7 Nd3 17. Qxd8 Rfxd8 18. Rd1 Nxc1 19. Rdxc1 d6 20. b3 Re8 21.
Rd1 Rbd8 22. Rd3 Re6 23. Bd5 Re2 24. a4 Rde8 25. Kf1 R2e5 26. Bf3 Bf8 27. Rbd1
Kg7 1/2-1/2